Man and his past /
محفوظ في:
المؤلف الرئيسي:
التنسيق: كتاب
اللغة: English
منشور في:
London :
H. Milford, Oxford University Press,
1921.
الموضوعات:
الوسوم: إضافة وسم
لا توجد وسوم, كن أول من يضع وسما على هذه التسجيلة!
رقم الطلب: CC75 .C7 1921
| LEADER | 00643nam a2200217I 4500 | ||
|---|---|---|---|
| 001 | 3726 | ||
| 003 | OSt | ||
| 005 | 20251022112013.0 | ||
| 008 | 130303s1921 enkabf 000 0 eng d | ||
| 035 | |a ocm01049876 | ||
| 040 | |c ARCE Library | ||
| 050 | 4 | |a CC75 .C7 1921 | |
| 100 | 1 | |a Crawford, Osbert Guy Stanhope, |d 1886-1957, |e author | |
| 245 | 1 | 0 | |a Man and his past / |c by O. G. S. Crawford. |
| 264 | 1 | |a London : |b H. Milford, Oxford University Press, |c 1921. | |
| 300 | |a xv, 227 p., [6] leaves of plates : |b ill., 1 folded map. ; |c 23 cm. | ||
| 650 | 0 | |a Archaeology. | |
| 650 | 0 | |a Anthropology. | |
| 901 | |a reviewed | ||
| 942 | |c BK |2 lcc | ||
| 999 | |c 4959 |d 4959 | ||
